| 000 -ლიდერი |
| ფიქსირებული სიგრძის საკონტროლო ველი |
01601nam a22002417a 4500 |
| 003 - საკონტროლო ნომრის იდენტიფიკატორი |
| საკონტროლო ველი |
Ge_BSU |
| 005 - ბოლო ოპერაციის თარიღი და დრო |
| საკონტროლო ველი |
20231124155455.0 |
| 008 - ფიქსირებული სიგრძის მონაცემთა ელემენტები - ზოგადი ინფორმაცია |
| ფიქსირებული სიგრძის საკონტროლო ველი |
231124s2023 ge ||||| |||| 00| 0 geo d |
| 020 ## - წიგნის საერთაშორისო სტანდარტული ნომერი |
| International Standard Book Number |
9789941361371 |
| 041 ## - ენის კოდი |
| Language code of text/sound track or separate title |
geo |
| 080 ## - უნივერსალური ათობითი კლასიფიკაციის ინდექსი |
| Universal Decimal Classification number |
811.353.1'282 რ-46 |
| 245 ## - ცნობა სათაურის შესახებ |
| Title |
რესპუბლიკური დიალექტოლოგიური სამეცნიერო სესიის მასალები : |
| Remainder of title |
სამცხე-ჯავახეთი, ახალქალაქი 2023 წლის 6-7 ოქტომბერი / |
| Statement of responsibility, etc |
რედ. მერაბ ჩუხუა; თსუ. ენათმეცნიერების ინსტიტუტი. სამცხე-ჯავახეთის სახელმწიფო უნივერსიტეტი. |
| 264 ## - წარმოების, გამოცემის, დისტრიბუციის და სხვა ცნობები |
| გამოცემის, წარმოების, დისტრიბუციის... ადგილი |
თბილისი, |
| გამოცემის, წარმოების, დისტრიბუციის... თარიღი |
2023. |
| 300 ## - ფიზიკური აღწერა |
| Extent |
226 გვ.; |
| Other physical details |
21 სმ. |
| 504 ## - BIBLIOGRAPHY, ETC. NOTE |
| Bibliography, etc |
ბიბლიოგრ. თავების ბოლოს |
| 653 ## - INDEX TERM--UNCONTROLLED |
| Uncontrolled term |
ტოპონიმია |
| 653 ## - INDEX TERM--UNCONTROLLED |
| Uncontrolled term |
მეგრულ-ლაზურის ნათესაობის ლექსიკა |
| 653 ## - INDEX TERM--UNCONTROLLED |
| Uncontrolled term |
მეტონიმია |
| 653 ## - INDEX TERM--UNCONTROLLED |
| Uncontrolled term |
მეტგვარი სახელების წარმოება |
| 700 ## - ADDED ENTRY--PERSONAL NAME |
| Personal name |
ჩუხუა, მერაბ |
| Relator term |
რედაქტორი |
| 9 (RLIN) |
16915 |
| 710 ## - ADDED ENTRY--CORPORATE NAME |
| Corporate name or jurisdiction name as entry element |
თსუ. ენათმეცნიერების ინსტიტუტი. სამცხე-ჯავახეთის სახელმწიფო უნივერსიტეტი. |
| 9 (RLIN) |
20473 |
| 942 ## - ADDED ENTRY ELEMENTS (KOHA) |
| Source of classification or shelving scheme |
|
| Koha item type |
წიგნი |